000 00189nam a2200085Ia 4500
008 250605s9999 xx 000 0 und d
041 _aeng
100 _aRajat Arora
245 _aGodrej and Boyce
999 _c44795
_d44795